Wiadomości z 2019 roku – Podaj nazwę państwa - Statystyki

Ogólne statystyki
  • Ten quiz został rozwiązany 15 razy
  • Średni wynik to 12 z 20
Statystyki odpowiedzi
Wskazówka Odpowiedź % Poprawnych
Najsłynniejsza katedra w tym państwie została poważnie uszkodzona w pożarze Francja
100%
Cesarz Akihito abdykuje na rzecz swojego syna Naruhito Japonia
100%
Nastoletnia aktywistka na rzecz klimatu z tego państwa staje się międzynarodową gwiazdą Szwecja
100%
Komik Wołodymyr Zełenski został wybrany na prezydenta Ukraina
100%
Do oficjalnej nazwy państwa dodano słowo „Północna” Macedonia Północna
93%
Jeremy Corbyn obiecuje zrezygnować ze stanowiska lidera Partii Pracy po najgorszym wyniku wyborczym partii od 1935 roku Wielka Brytania
93%
Stolica zostaje przemianowana z Astany na Nur-Sułtan Kazachstan
86%
Ten kraj, na czele którego stoi Viktor Orbán, jest pierwszym krajem w UE, który według indeksu Freedom House został uznany za „tylko częściowo wolny” Węgry
86%
Szczątki byłego dyktatora Francisco Franco zostały wykopane i przeniesione w inne miejsce Hiszpania
79%
Wspinaczka na Uluru jest trwale zakazana Australia
64%
Szacuje się, że ponad milion muzułmanów ujgurskich żyje obecnie w obozach reedukacyjnych Chiny
64%
Te państwo odrzuca darowiznę w wysokości 20 milionów dolarów, która ma pomóc powstrzymać pożary lasów deszczowych Brazylia
57%
Ten kraj po raz czwarty wygrywa Mistrzostwa Świata FIFA w Piłce Nożnej Kobiet Stany Zjednoczone
50%
Te państwo jako pierwsze w Azji zalegalizował małżeństwa osób tej samej płci Tajwan
43%
Ponad 25% mieszkańców tego państwa żyje obecnie w skrajnym ubóstwie, co stanowi najwyższy odsetek spośród wszystkich krajów na półkuli zachodniej Wenezuela
43%
Fanatyk antyimigracyjny atakuje meczet, zabijając pięćdziesiąt osób Nowa Zelandia
36%
W obliczu oskarżeń o oszustwa wyborcze, prezydent Evo Morales nie może zostać wybrany przez wojsko na zabronioną przez konstytucję czwartą kadencję Boliwia
21%
Premier przeprasza za liczne incydenty z przeszłości, podczas których miał na twarzy czarną farbę Kanada
14%
Wyspa Bougainville głosuje za secesją Papua-Nowa Gwinea
14%
Protestujący spalili wiele stacji metra na znak protestu przeciwko podwyżkom cen biletów Chile
0%
Nie znaleziono quizów pasujących do podanych kryteriów
Rozkład punktacji
Procent ludzi z każdym wynikiem
Percentyl według liczby udzielonych odpowiedzi
Twoja historia wyników
Nie rozwiązałeś tego quizu